[Event "FICGS theme 0002 email"]
[Site "FICGS email"]
[Date "2017.07.01"]
[Round "1"]
[White "V Gallardo, Miguel"]
[Black "Trokenheim, Marek"]
[Result "0-1"]
[WhiteElo "1851"]
[BlackElo "1838"]
[PlyCount "52"]
[EventDate "2017.??.??"]
[EventType "swiss (corr)"]
[EventRounds "1"]
[SourceTitle "Corr 2022"]
[Source "ChessBase"]
[SourceDate "2021.10.24"]
[SourceVersion "1"]
[SourceVersionDate "2021.10.24"]
[SourceQuality "1"]

1. e4 c5 2. Nf3 a6 3. d4 cxd4 4. Nxd4 e6 5. a3 b5 6. Bd2 Bb7 7. Bd3 Qc7 8. 0-0 Nf6 9. f3 Bc5 10. c3 e5 11. b4 Bb6 12. Be3 exd4 13. cxd4 Nc6 14. Kh1 Nxd4 15. Bxd4 Bxd4 16. Ra2 Be5 17. g3 h5 18. Rc2 Qd6 19. Rg2 h4 20. g4 0-0 21. Re2 Rac8 22. Qb3 h3 23. Rd1 Qb6 24. Nd2 Rc3 25. Qb1 Rxa3 26. Nb3 d5 0-1

[Event "FICGS class C 000243 email"]
[Site "FICGS email"]
[Date "2017.06.17"]
[Round "1"]
[White "Dyson, John"]
[Black "Trokenheim, Marek"]
[Result "1/2-1/2"]
[WhiteElo "1813"]
[BlackElo "1828"]
[PlyCount "98"]
[EventDate "2017.??.??"]
[EventType "tourn (corr)"]
[EventRounds "4"]
[SourceTitle "Corr 2022"]
[Source "ChessBase"]
[SourceDate "2021.10.24"]
[SourceVersion "1"]
[SourceVersionDate "2021.10.24"]
[SourceQuality "1"]

1. Nf3 d5 2. g3 Bg4 3. Bg2 c6 4. b3 Nd7 5. Bb2 Ngf6 6. 0-0 e6 7. d3 Bd6 8. Nbd2 0-0 9. h3 Bh5 10. e4 e5 11. c4 dxe4 12. dxe4 Qe7 13. Qc2 Ba3 14. Bc3 Rfd8 15. Nh4 Ne8 16. Nf5 Qc5 17. g4 Bg6 18. Nb1 Bb4 19. Bb2 Qf8 20. a3 Be7 21. b4 h5 22. Rd1 a5 23. c5 hxg4 24. hxg4 Nef6 25. Qe2 b6 26. cxb6 Nxb6 27. Bxe5 Bxf5 28. exf5 axb4 29. axb4 Rxd1+ 30. Qxd1 Rd8 31. Qf3 Nfd5 32. Nd2 Bxb4 33. Ne4 Nc4 34. Bg3 Nd2 35. Nxd2 Bxd2 36. Qe4 Qc5 37. Bf3 Nc3 38. Qxc6 Ne2+ 39. Kg2 Qxc6 40. Bxc6 Nxg3 41. Kxg3 Kf8 42. Ra4 Bc3 43. f4 Rd4 44. Ra8+ Ke7 45. Kf3 Kd6 46. Be4 Ke7 47. g5 Rd7 48. Rc8 Bd4 49. Kg4 Ra7 1/2-1/2

[Event "FICGS class C 000243 email"]
[Site "FICGS email"]
[Date "2017.06.17"]
[Round "1"]
[White "Mazo, Joel"]
[Black "Trokenheim, Marek"]
[Result "0-1"]
[WhiteElo "1600"]
[BlackElo "1828"]
[PlyCount "60"]
[EventDate "2017.??.??"]
[EventType "tourn (corr)"]
[EventRounds "4"]
[SourceTitle "Corr 2022"]
[Source "ChessBase"]
[SourceDate "2021.10.24"]
[SourceVersion "1"]
[SourceVersionDate "2021.10.24"]
[SourceQuality "1"]

1. d4 d5 2. Nf3 Nf6 3. e3 e6 4. Bd3 c5 5. c3 Nc6 6. 0-0 Bd6 7. Nbd2 0-0 8. dxc5 Bxc5 9. e4 Qc7 10. Re1 dxe4 11. Nxe4 Nxe4 12. Bxe4 Bd6 13. g3 e5 14. Bxh7+ Kxh7 15. Ng5+ Kg8 16. Qh5 Bf5 17. Be3 Ne7 18. Rad1 f6 19. Nf3 Qc8 20. h3 Qc6 21. Nh4 Bxh3 22. Kh2 Be6 23. b4 Rad8 24. Rh1 Qxc3 25. Ng6 Nxg6 26. Qxg6 Bxb4 27. Bh6 Qc7 28. Rxd8 Rxd8 29. Be3 Bxa2 30. Kh3 Qc6 0-1

[Event "FICGS class C 000243 email"]
[Site "FICGS email"]
[Date "2017.06.17"]
[Round "1"]
[White "Trokenheim, Marek"]
[Black "Ward, David"]
[Result "1-0"]
[WhiteElo "1828"]
[BlackElo "1845"]
[PlyCount "109"]
[EventDate "2017.??.??"]
[EventType "tourn (corr)"]
[EventRounds "4"]
[SourceTitle "Corr 2022"]
[Source "ChessBase"]
[SourceDate "2021.10.24"]
[SourceVersion "1"]
[SourceVersionDate "2021.10.24"]
[SourceQuality "1"]

1. b4 d5 2. Bb2 Nf6 3. e3 Bf5 4. Nf3 e6 5. a3 Bd6 6. Be2 Nbd7 7. 0-0 0-0 8. Nh4 Bg6 9. Nxg6 hxg6 10. c4 c5 11. bxc5 Bxc5 12. d4 Be7 13. cxd5 Nxd5 14. Nc3 N7b6 15. Rb1 Rc8 16. Qb3 Qd6 17. Nb5 Qb8 18. Rfc1 Rxc1+ 19. Rxc1 Rc8 20. Rxc8+ Nxc8 21. a4 Nd6 22. Nxd6 Bxd6 23. g3 Qc7 24. Bf3 Nb4 25. Kg2 b6 26. Bc3 a5 27. e4 Kf8 28. Be2 Qc6 29. f3 g5 30. Bb5 Qc7 31. Kf2 Qc8 32. Kf1 Qc7 33. Kg2 Qc8 34. Qb2 Qc7 35. d5 e5 36. Bf1 Kg8 37. Be2 g6 38. Bd2 f6 39. Be3 Kf7 40. Bb5 Ke7 41. Qd2 Bc5 42. Qc3 Qd6 43. Bd2 Qc7 44. Qb3 Qd6 45. Qd1 Qc7 46. Bc3 Bd6 47. Qd2 Bc5 48. h4 gxh4 49. Qh6 Qd8 50. Bxe5 Qg8 51. d6+ Bxd6 52. Bxd6+ Kxd6 53. Qf4+ Ke7 54. Qc7+ Kf8 55. Bc4 1-0

[Event "FICGS class C 000258 email"]
[Site "FICGS email"]
[Date "2017.05.09"]
[Round "1"]
[White "Trokenheim, Marek"]
[Black "Duenas, Alexis"]
[Result "0-1"]
[WhiteElo "1828"]
[BlackElo "1927"]
[PlyCount "144"]
[EventDate "2017.??.??"]
[EventType "tourn (corr)"]
[EventRounds "1"]
[SourceTitle "Corr 2022"]
[Source "ChessBase"]
[SourceDate "2021.10.24"]
[SourceVersion "1"]
[SourceVersionDate "2021.10.24"]
[SourceQuality "1"]

1. b4 e5 2. Bb2 Bxb4 3. Bxe5 Nf6 4. e3 d5 5. Nf3 0-0 6. c4 Bf5 7. Bb2 c5 8. cxd5 Nxd5 9. Nc3 Nc6 10. Be2 Nxc3 11. dxc3 Ba5 12. 0-0 Qxd1 13. Raxd1 Rad8 14. Ba3 b6 15. Bb5 Ne7 16. Bb2 Be6 17. Ne5 Bxa2 18. Nd7 Bb3 19. Rd3 Rfe8 20. Ra1 c4 21. Rd6 h5 22. g3 h4 23. e4 Ng6 24. f4 Rc8 25. Re1 Bc2 26. Rd4 Bd3 27. Kf2 Re7 28. e5 Bf5 29. Red1 Bg4 30. R1d2 Ree8 31. gxh4 Ne7 32. Ba6 Rc7 33. Bb5 Rec8 34. Ba6 Ra8 35. Bxc4 Be6 36. Ba6 Nf5 37. R4d3 Nxh4 38. Rd1 Nf5 39. h3 Kh8 40. Kf3 Re8 41. Ke2 Ne7 42. c4 Bb4 43. Kf3 Ra8 44. Bb5 Nf5 45. Ra1 Rac8 46. Rad1 Ra8 47. Ra1 Rg8 48. Ke4 Be7 49. Ba3 Rgc8 50. Bxe7 Nxe7 51. Ke3 Nf5+ 52. Kd2 Kh7 53. Ra4 Kh6 54. Ra1 Bxc4 55. Bxc4 Rxc4 56. Rxa7 Rc2+ 57. Kd1 Rc1+ 58. Ke2 R8c2+ 59. Kf3 Rc4 60. Ra6 Kh5 61. Nxb6 Rf1+ 62. Ke2 Rcxf4 63. Kd2 R4f2+ 64. Kc3 Rc1+ 65. Kb3 Rc6 66. Kb4 Rfc2 67. Rf3 Nd4 68. Na4 Rxa6 69. Rf5+ Nxf5 70. Nb6 Rxb6+ 71. Ka5 Rb1 72. e6 Ra2# 0-1

[Event "FICGS class C 000240 email"]
[Site "FICGS email"]
[Date "2017.02.20"]
[Round "1"]
[White "Trokenheim, Marek"]
[Black "Ropokis, Dimitrios"]
[Result "1-0"]
[WhiteElo "1853"]
[BlackElo "1653"]
[PlyCount "67"]
[EventDate "2017.??.??"]
[EventType "tourn (corr)"]
[EventRounds "4"]
[SourceTitle "Corr 2022"]
[Source "ChessBase"]
[SourceDate "2021.10.24"]
[SourceVersion "1"]
[SourceVersionDate "2021.10.24"]
[SourceQuality "1"]

1. b4 e5 2. Bb2 Bxb4 3. Bxe5 Nf6 4. c4 d5 5. e3 0-0 6. Nf3 Re8 7. Bb2 Nc6 8. cxd5 Nxd5 9. Be2 Bg4 10. 0-0 Qd6 11. h3 Bh5 12. Nd4 Bxe2 13. Nxe2 Rad8 14. d4 Qg6 15. Nbc3 Bxc3 16. Nxc3 Ncb4 17. Qa4 b6 18. Rac1 a5 19. Ba3 Nxc3 20. Rxc3 Nd5 21. Rc6 Qd3 22. Rd1 Qe4 23. Bc1 Qb1 24. Re1 Re7 25. Bd2 Qd3 26. Qc2 Qxc2 27. Rxc2 f5 28. g4 g6 29. f3 f4 30. e4 Nb4 31. Bxb4 axb4 32. d5 Rxd5 33. Rxc7 Rdd7 34. Rc8+ 1-0

[Event "FICGS rapid C 000137 email"]
[Site "FICGS email"]
[Date "2017.02.19"]
[Round "1"]
[White "Trokenheim, Marek"]
[Black "Grynyuk, Vasyl"]
[Result "0-1"]
[WhiteElo "1853"]
[BlackElo "1800"]
[PlyCount "78"]
[EventDate "2017.??.??"]
[EventType "tourn (rapid)"]
[EventRounds "4"]
[SourceTitle "Corr 2022"]
[Source "ChessBase"]
[SourceDate "2021.10.24"]
[SourceVersion "1"]
[SourceVersionDate "2021.10.24"]
[SourceQuality "1"]

1. b4 e5 2. Bb2 d6 3. e3 Nf6 4. c4 Be7 5. Nf3 0-0 6. Be2 Re8 7. 0-0 Bf8 8. Qc2 c6 9. Nc3 d5 10. cxd5 cxd5 11. b5 Bd6 12. Rac1 Nbd7 13. Na4 Qe7 14. Rfe1 e4 15. Nd4 Ne5 16. Nc3 Nfg4 17. g3 Qf6 18. Rf1 Qh6 19. h4 Nf6 20. Qb3 Nc4 21. Bxc4 dxc4 22. Qxc4 Bh3 23. Rfe1 Ng4 24. Qd5 Nxf2 25. Kxf2 Qf6+ 26. Kg1 Bxg3 27. Rf1 Qxh4 28. Nxe4 Bh2+ 29. Kh1 Bxf1 30. Nf5 Qxe4+ 31. Qxe4 Rxe4 32. Rxf1 Rd8 33. Bd4 Bb8 34. d3 Rg4 35. b6 a5 36. Rc1 f6 37. Rc5 Kf8 38. a4 Be5 39. Bxe5 fxe5 0-1

[Event "OP-2012-0-02228"]
[Site "LSS email"]
[Date "2012.06.14"]
[Round "?"]
[White "Trokenheim, Marek"]
[Black "Couspeyre, Thierry"]
[Result "1-0"]
[WhiteElo "1766"]
[BlackElo "1161"]
[PlyCount "73"]
[EventDate "2012.05.31"]
[EventType "tourn (corr)"]
[EventRounds "4"]
[EventCountry "GER"]
[SourceTitle "Telechess CBM 155"]
[Source "ChessBase"]
[SourceDate "2013.07.16"]
[SourceVersion "1"]
[SourceVersionDate "2013.07.16"]
[SourceQuality "1"]

1. b4 Nf6 2. Bb2 d5 3. d3 e6 4. b5 Qd6 5. a4 a6 6. Nd2 axb5 7. axb5 Rxa1 8. Qxa1 Be7 9. Qa8 Nfd7 10. Bxg7 Rg8 11. Ba1 Nb6 12. Qa2 e5 13. Ngf3 d4 14. e3 dxe3 15. fxe3 Qh6 16. Bxe5 Qxe3+ 17. Kd1 Be6 18. Qa7 N8d7 19. Bd4 Qf4 20. c4 Rg6 21. Qxb7 Bg4 22. Kc2 Re6 23. Nb3 f6 24. Rg1 Kf7 25. h3 c5 26. bxc6 Bxf3 27. gxf3 Qxf3 28. Bxb6 Nxb6 29. Qxb6 Rxc6 30. Qa7 Qf5 31. Nd4 Qf2+ 32. Be2 Qxg1 33. Bh5+ Kg8 34. Qxe7 Rxc4+ 35. dxc4 Qf2+ 36. Kb3 Qg3+ 37. Ka4 1-0

[Event "RB-2012-0-00180"]
[Site "LSS email"]
[Date "2012.06.02"]
[Round "?"]
[White "Trokenheim, Marek"]
[Black "Dovganenko, Andrej"]
[Result "0-1"]
[WhiteElo "1782"]
[BlackElo "1984"]
[PlyCount "38"]
[EventDate "2012.04.28"]
[EventType "tourn (corr)"]
[EventRounds "6"]
[EventCountry "GER"]
[SourceTitle "Telechess CBM 153"]
[Source "ChessBase"]
[SourceDate "2013.03.14"]
[SourceVersion "1"]
[SourceVersionDate "2013.03.14"]
[SourceQuality "1"]

1. b4 Nf6 2. Bb2 e6 3. a3 a5 4. c3 d5 5. e3 e5 6. Nf3 Nbd7 7. d3 Bd6 8. Be2 0-0 9. Nbd2 Qe7 10. b5 Re8 11. 0-0 e4 12. dxe4 dxe4 13. Nd4 Qe5 14. g3 Qg5 15. a4 h5 16. Nc4 Ne5 17. Qb3 h4 18. Nxe5 Bxe5 19. Bc4 Qh5 0-1

[Event "OP-2012-0-02198"]
[Site "LSS email"]
[Date "2012.05.15"]
[Round "?"]
[White "Huseby, Juan Carlos"]
[Black "Trokenheim, Marek"]
[Result "0-1"]
[WhiteElo "598"]
[BlackElo "1782"]
[PlyCount "58"]
[EventDate "2012.05.11"]
[EventType "tourn (corr)"]
[EventRounds "4"]
[EventCountry "GER"]
[SourceTitle "Telechess CBM 153"]
[Source "ChessBase"]
[SourceDate "2013.03.14"]
[SourceVersion "1"]
[SourceVersionDate "2013.03.14"]
[SourceQuality "1"]

1. f4 d5 2. Nf3 Nf6 3. e3 g6 4. Be2 Bg7 5. Nc3 c5 6. 0-0 0-0 7. d4 cxd4 8. Nxd4 Nc6 9. Nf3 a6 10. Nh4 Ne4 11. Nxd5 e6 12. Nf6+ Qxf6 13. Bd3 Nc5 14. Be2 Qxh4 15. Bf3 Qe7 16. Bxc6 bxc6 17. b4 Bxa1 18. Ba3 Bg7 19. bxc5 Rd8 20. Qe2 e5 21. Rd1 Rxd1+ 22. Qxd1 exf4 23. Bc1 Rb8 24. exf4 Bd4+ 25. Kh1 Rb1 26. h3 Be3 27. Kh2 Rxc1 28. Qf3 Bg1+ 29. Kg3 Qe1+ 0-1

[Event "SB-2012-0-00228"]
[Site "LSS email"]
[Date "2012.05.04"]
[Round "?"]
[White "Trokenheim, Marek"]
[Black "Kalinin, Vyacheslav"]
[Result "1-0"]
[WhiteElo "1782"]
[BlackElo "1576"]
[PlyCount "59"]
[EventDate "2012.04.15"]
[EventType "tourn (corr)"]
[EventRounds "6"]
[EventCountry "GER"]
[SourceTitle "Telechess CBM 153"]
[Source "ChessBase"]
[SourceDate "2013.03.14"]
[SourceVersion "1"]
[SourceVersionDate "2013.03.14"]
[SourceQuality "1"]

1. b4 e5 2. a3 f6 3. e4 c5 4. Nf3 Nh6 5. Bc4 b5 6. Bxb5 Ba6 7. Bxa6 Nxa6 8. b5 Nc7 9. c4 Be7 10. 0-0 0-0 11. d3 Nf7 12. Nc3 Ne6 13. h4 Nd4 14. Nd5 Nd6 15. Nxd4 exd4 16. h5 h6 17. Qg4 f5 18. Qg6 Kh8 19. Bf4 Ne8 20. exf5 Nf6 21. Nc7 Rc8 22. Rfe1 Nh7 23. Nd5 Bf6 24. Bd6 Rg8 25. a4 Qa5 26. Re2 a6 27. b6 Rc6 28. b7 Rxd6 29. Re8 Rb6 30. Qf7 1-0

[Event "SB-2012-0-00228"]
[Site "LSS email"]
[Date "2012.05.04"]
[Round "?"]
[White "Trokenheim, Marek"]
[Black "Korinek, Jaroslav"]
[Result "1-0"]
[WhiteElo "1782"]
[BlackElo "1787"]
[PlyCount "33"]
[EventDate "2012.04.15"]
[EventType "tourn (corr)"]
[EventRounds "6"]
[EventCountry "GER"]
[SourceTitle "Corr 2015"]
[Source "ChessBase"]
[SourceDate "2015.07.17"]
[SourceVersion "1"]
[SourceVersionDate "2015.07.17"]
[SourceQuality "1"]

1. b4 e5 2. a3 d5 3. Bb2 Bd6 4. c4 Nf6 5. c5 Be7 6. Bxe5 a5 7. Qa4+ Nc6 8. Bb2 Bd7 9. b5 Na7 10. e3 Bxc5 11. Nf3 0-0 12. Nc3 Bf5 13. Rc1 Bd6 14. g4 Bxg4 15. Nxd5 Nxd5 16. Qxg4 Nf6 17. Qh3 1-0

[Event "SB-2012-0-00228"]
[Site "LSS email"]
[Date "2012.05.01"]
[Round "?"]
[White "Vodicka, Milan"]
[Black "Trokenheim, Marek"]
[Result "1-0"]
[WhiteElo "1970"]
[BlackElo "1782"]
[PlyCount "79"]
[EventDate "2012.04.15"]
[EventType "tourn (corr)"]
[EventRounds "6"]
[EventCountry "GER"]
[SourceTitle "Telechess CBM 153"]
[Source "ChessBase"]
[SourceDate "2013.03.14"]
[SourceVersion "1"]
[SourceVersionDate "2013.03.14"]
[SourceQuality "1"]

1. d4 d5 2. c4 e6 3. Nc3 Nf6 4. Bg5 Nbd7 5. cxd5 exd5 6. e3 c6 7. Bd3 Bd6 8. Nf3 h6 9. Bh4 0-0 10. 0-0 Qb6 11. Qc2 Qc7 12. Rfc1 a6 13. Re1 Kh8 14. Rac1 Re8 15. Qb3 Qb6 16. Bxf6 Qxb3 17. Bxg7+ Kxg7 18. axb3 Nf6 19. h3 a5 20. Ra1 b6 21. Rec1 Bd7 22. g4 h5 23. g5 Ne4 24. Bxe4 dxe4 25. Nd2 Bf5 26. Ne2 Bb4 27. Nc4 Bxh3 28. Nf4 Bg4 29. Nxb6 Ra6 30. Rxc6 Rb8 31. Nfd5 Be6 32. Nxb4 Raxb6 33. Rxb6 Rxb6 34. Na2 Bxb3 35. Nc3 a4 36. Nxe4 Kg6 37. Rc1 Be6 38. Nc5 Rxb2 39. Nxa4 Rb4 40. Nc5 1-0

[Event "OP-2012-0-02173"]
[Site "LSS email"]
[Date "2012.04.30"]
[Round "?"]
[White "Tarasov, Grigory Aleksandrov"]
[Black "Trokenheim, Marek"]
[Result "1/2-1/2"]
[WhiteElo "1672"]
[BlackElo "1774"]
[PlyCount "39"]
[EventDate "2012.04.27"]
[EventType "tourn (corr)"]
[EventRounds "4"]
[EventCountry "GER"]
[SourceTitle "Telechess CBM 155"]
[Source "ChessBase"]
[SourceDate "2013.07.16"]
[SourceVersion "1"]
[SourceVersionDate "2013.07.16"]
[SourceQuality "1"]

1. e4 e5 2. Nf3 Nc6 3. Bb5 Bc5 4. 0-0 Nf6 5. Nxe5 Nxe4 6. Qe2 Nxe5 7. Qxe4 Qe7 8. Nc3 Ng6 9. Qxe7+ Bxe7 10. Nd5 c6 11. Nxe7 Kxe7 12. Re1+ Kd8 13. Bf1 d6 14. d4 Bf5 15. c4 Kc7 16. Be3 f6 17. f3 h5 18. Rad1 b6 19. g3 Rae8 20. Kf2 1/2-1/2

[Event "OP-2012-0-02173"]
[Site "LSS email"]
[Date "2012.04.30"]
[Round "?"]
[White "Trokenheim, Marek"]
[Black "Pozuelo Arenas, Miguel Angel"]
[Result "0-1"]
[WhiteElo "1774"]
[BlackElo "800"]
[PlyCount "100"]
[EventDate "2012.04.27"]
[EventType "tourn (corr)"]
[EventRounds "4"]
[EventCountry "GER"]
[SourceTitle "Telechess CBM 155"]
[Source "ChessBase"]
[SourceDate "2013.07.16"]
[SourceVersion "1"]
[SourceVersionDate "2013.07.16"]
[SourceQuality "1"]

1. b4 e5 2. a3 Nf6 3. Bb2 a5 4. b5 d6 5. e3 Be7 6. Nf3 0-0 7. Be2 Nbd7 8. 0-0 c6 9. c4 cxb5 10. cxb5 Nb6 11. Nc3 Be6 12. e4 a4 13. d4 Nc4 14. Qc2 Nxb2 15. Qxb2 Qb6 16. dxe5 dxe5 17. Nxe5 Rfd8 18. Nf3 Rac8 19. e5 Nd5 20. Nxd5 Bxd5 21. Rad1 Bb3 22. Rxd8+ Rxd8 23. Rc1 Bc5 24. Bf1 h6 25. g3 Qc7 26. Nd2 Qe7 27. Nc4 Qg5 28. Qc3 b6 29. Qe1 Qe7 30. h4 Rd4 31. Qc3 Qe6 32. Kg2 Qg4 33. f3 Qf5 34. Be2 h5 35. Rh1 g6 36. Rc1 g5 37. hxg5 Qxg5 38. Qe1 Kf8 39. Kh3 Qh6 40. Kg2 h4 41. gxh4 Ba2 42. Nd6 Rxh4 43. Nf5 Rh2+ 44. Kg3 Rh3+ 45. Kg2 Qh5 46. Rxc5 Rh2+ 47. Kg3 Be6 48. Rc8+ Bxc8 49. Qb4+ Kg8 50. Qg4+ Qxg4+ 0-1

[Event "RB-2012-0-00176"]
[Site "LSS email"]
[Date "2012.04.29"]
[Round "?"]
[White "Bartsch, Christian"]
[Black "Trokenheim, Marek"]
[Result "1/2-1/2"]
[WhiteElo "1888"]
[BlackElo "1774"]
[PlyCount "29"]
[EventDate "2012.03.20"]
[EventType "tourn (corr)"]
[EventRounds "6"]
[EventCountry "GER"]
[SourceTitle "Corr 2015"]
[Source "ChessBase"]
[SourceDate "2015.07.17"]
[SourceVersion "1"]
[SourceVersionDate "2015.07.17"]
[SourceQuality "1"]

1. e4 e5 2. d4 exd4 3. c3 d5 4. exd5 Qxd5 5. cxd4 Nc6 6. Nf3 Bb4+ 7. Nc3 Bg4 8. Be2 Bxf3 9. Bxf3 Qc4 10. Bxc6+ Qxc6 11. 0-0 Ne7 12. d5 Qd7 13. Qb3 Bxc3 14. bxc3 0-0 15. c4 1/2-1/2

[Event "RB-2012-0-00176"]
[Site "LSS email"]
[Date "2012.04.29"]
[Round "?"]
[White "Trokenheim, Marek"]
[Black "Moreira, Carlos Alberto Lima"]
[Result "1-0"]
[WhiteElo "1774"]
[BlackElo "1738"]
[PlyCount "63"]
[EventDate "2012.03.20"]
[EventType "tourn (corr)"]
[EventRounds "6"]
[EventCountry "GER"]
[SourceTitle "Telechess CBM 155"]
[Source "ChessBase"]
[SourceDate "2013.07.16"]
[SourceVersion "1"]
[SourceVersionDate "2013.07.16"]
[SourceQuality "1"]

1. b4 e5 2. Bb2 Bxb4 3. Bxe5 Nf6 4. Nc3 0-0 5. Bxf6 Qxf6 6. Nd5 Qd6 7. Nxb4 Qxb4 8. c3 Qe7 9. e3 d5 10. Ne2 c6 11. Ng3 g6 12. d4 c5 13. Bd3 Nc6 14. 0-0 Be6 15. Re1 Rac8 16. e4 dxe4 17. Bxe4 cxd4 18. cxd4 Rcd8 19. d5 Qc5 20. Rc1 Qa5 21. d6 Nb4 22. Qd4 Nxa2 23. Rcd1 b6 24. Bf3 Qc3 25. Qf4 Qg7 26. Re5 h6 27. h4 Kh8 28. Ne4 a5 29. Nf6 Nc3 30. Rd4 a4 31. Rd3 Nb1 32. Be4 1-0

[Event "RB-2012-0-00176"]
[Site "LSS email"]
[Date "2012.04.28"]
[Round "?"]
[White "Massie, James"]
[Black "Trokenheim, Marek"]
[Result "0-1"]
[WhiteElo "1897"]
[BlackElo "1774"]
[PlyCount "100"]
[EventDate "2012.03.20"]
[EventType "tourn (corr)"]
[EventRounds "6"]
[EventCountry "GER"]
[SourceTitle "Telechess CBM 155"]
[Source "ChessBase"]
[SourceDate "2013.07.16"]
[SourceVersion "1"]
[SourceVersionDate "2013.07.16"]
[SourceQuality "1"]

1. d4 d5 2. c4 e6 3. Nc3 Nf6 4. Nf3 Be7 5. Bg5 0-0 6. e3 Nbd7 7. Rc1 h6 8. Bh4 c6 9. Bd3 Nh5 10. Bxe7 Qxe7 11. 0-0 Nhf6 12. cxd5 exd5 13. Qc2 Re8 14. a3 Ne4 15. Bxe4 dxe4 16. Nd2 Nf6 17. Ne2 Bf5 18. Ng3 Bh7 19. b4 Qd7 20. a4 h5 21. Qc5 h4 22. Ne2 h3 23. g3 Qg4 24. Nc3 a6 25. b5 axb5 26. axb5 Rac8 27. Qa7 cxb5 28. Qa3 Bg6 29. Nxb5 Qe2 30. Qb2 Rxc1 31. Rxc1 Ng4 32. Rf1 Nxe3 33. Nc3 Qd3 34. fxe3 Qxe3+ 35. Rf2 Qd3 36. Ndxe4 Bxe4 37. Qd2 Qc4 38. Re2 Bc6 39. Rxe8+ Bxe8 40. Kf2 b5 41. Nd1 Qd5 42. Ne3 Qh1 43. Nf1 Qg2+ 44. Ke1 Bd7 45. Qb4 Qe4+ 46. Kd2 g6 47. Qd6 Bf5 48. Qf4 Qb1 49. Ne3 Qd3+ 50. Kc1 Be4 0-1

[Event "RB-2012-0-00176"]
[Site "LSS email"]
[Date "2012.04.28"]
[Round "?"]
[White "Trokenheim, Marek"]
[Black "Santos, Sebastiao"]
[Result "0-1"]
[WhiteElo "1774"]
[BlackElo "1793"]
[PlyCount "64"]
[EventDate "2012.03.20"]
[EventType "tourn (corr)"]
[EventRounds "6"]
[EventCountry "GER"]
[SourceTitle "Telechess CBM 155"]
[Source "ChessBase"]
[SourceDate "2013.07.16"]
[SourceVersion "1"]
[SourceVersionDate "2013.07.16"]
[SourceQuality "1"]

1. b4 e5 2. b5 a6 3. e3 d5 4. bxa6 Nxa6 5. Bb2 e4 6. Be5 Ne7 7. Nc3 Ng6 8. Bg3 h5 9. h3 Nc5 10. Nb5 Ne6 11. c4 h4 12. Bh2 d4 13. Ne2 dxe3 14. dxe3 Bb4+ 15. Nec3 Bd7 16. Qb3 Qe7 17. Rb1 Ba5 18. Be2 Nc5 19. Qc2 Bxb5 20. Rxb5 c6 21. Rxa5 Rxa5 22. 0-0 0-0 23. Qd2 Rfa8 24. Bd6 Qe6 25. Rd1 Nf8 26. Qb2 Nfd7 27. Qc2 f5 28. Qd2 Qf7 29. Rc1 Ne6 30. Qb2 Ndc5 31. f3 exf3 32. Bxf3 Nd3 0-1

[Event "RB-2012-0-00176"]
[Site "LSS email"]
[Date "2012.04.28"]
[Round "?"]
[White "Trokenheim, Marek"]
[Black "Van Bommel, Ton"]
[Result "0-1"]
[WhiteElo "1774"]
[BlackElo "2054"]
[PlyCount "106"]
[EventDate "2012.03.20"]
[EventType "tourn (corr)"]
[EventRounds "6"]
[EventCountry "GER"]
[SourceTitle "Telechess CBM 155"]
[Source "ChessBase"]
[SourceDate "2013.07.16"]
[SourceVersion "1"]
[SourceVersionDate "2013.07.16"]
[SourceQuality "1"]

1. b4 e5 2. a3 Nf6 3. Bb2 a5 4. b5 Bc5 5. e3 Qe7 6. Nf3 d6 7. Be2 e4 8. Nd4 0-0 9. Nc3 d5 10. 0-0 Bd6 11. Na4 Rd8 12. Qe1 Ng4 13. f4 exf3 14. Nxf3 Nd7 15. c4 dxc4 16. Bxc4 Kh8 17. g3 f6 18. Qe2 Nde5 19. Bd5 Rb8 20. Nd4 Qe8 21. Rac1 Nh6 22. Rf4 Qe7 23. Bg2 Bxa3 24. Bxa3 Qxa3 25. Qd1 Bg4 26. Ra1 Qd6 27. Qb3 b6 28. Nc3 Bh5 29. Ne4 Qe7 30. Qc3 Be8 31. Rc1 Rbc8 32. Qc2 Bd7 33. Rff1 Qe8 34. Qb1 Qh5 35. Nc3 Bh3 36. Nce2 Bxg2 37. Kxg2 Qg6 38. Qxg6 hxg6 39. Rc3 Rd7 40. Rfc1 g5 41. R1c2 Nhf7 42. Ne6 Nd6 43. d4 Ng4 44. h3 Nxb5 45. hxg4 Nxc3 46. Rxc3 a4 47. e4 b5 48. d5 b4 49. Rc4 c5 50. dxc6 Rd1 51. c7 Rd6 52. N2d4 Rb6 53. Nc6 b3 0-1

[Event "OP-2012-0-02116"]
[Site "LSS email"]
[Date "2012.03.21"]
[Round "?"]
[White "Trokenheim, Marek"]
[Black "Crapulli, Giuseppe"]
[Result "1-0"]
[WhiteElo "1766"]
[BlackElo "1750"]
[PlyCount "61"]
[EventDate "2012.03.17"]
[EventType "tourn (corr)"]
[EventRounds "4"]
[EventCountry "GER"]
[SourceTitle "Telechess CBM 155"]
[Source "ChessBase"]
[SourceDate "2013.07.16"]
[SourceVersion "1"]
[SourceVersionDate "2013.07.16"]
[SourceQuality "1"]

1. b4 e5 2. a3 d5 3. d3 c5 4. Nf3 f6 5. c3 Be6 6. e4 d4 7. Be2 dxc3 8. bxc5 Bxc5 9. Nxc3 Nc6 10. Rb1 Qd7 11. Be3 Bxa3 12. d4 Bb4 13. Rxb4 Nxb4 14. d5 Bg4 15. Bb5 Nc6 16. h3 Bxf3 17. Qxf3 Nge7 18. 0-0 0-0 19. Rd1 Qc8 20. dxc6 Nxc6 21. Nd5 Kh8 22. Qe2 Rd8 23. Qb2 Rb8 24. Kh2 a6 25. Be2 b5 26. Rc1 Qb7 27. Bb6 Rg8 28. Qa3 Rge8 29. Qd6 Nd4 30. Bxd4 exd4 31. Rc7 1-0

[Event "OP-2012-0-02116"]
[Site "LSS email"]
[Date "2012.03.21"]
[Round "?"]
[White "Trokenheim, Marek"]
[Black "Rodriguez, Raul"]
[Result "1-0"]
[WhiteElo "1766"]
[BlackElo "1469"]
[PlyCount "71"]
[EventDate "2012.03.17"]
[EventType "tourn (corr)"]
[EventRounds "4"]
[EventCountry "GER"]
[SourceTitle "Telechess CBM 155"]
[Source "ChessBase"]
[SourceDate "2013.07.16"]
[SourceVersion "1"]
[SourceVersionDate "2013.07.16"]
[SourceQuality "1"]

1. b4 d5 2. Bb2 Nf6 3. Nf3 e6 4. a3 a5 5. b5 Bd6 6. g3 0-0 7. Bg2 c6 8. c4 dxc4 9. Nc3 e5 10. 0-0 h6 11. d4 cxd3 12. Qxd3 Qe7 13. Nh4 Rd8 14. Rad1 Bc7 15. Qc2 Rxd1 16. Rxd1 Be6 17. Qd3 Qd7 18. Qf3 Qc8 19. a4 Bg4 20. Qd3 Qe6 21. f3 g5 22. Ne4 Nxe4 23. Qxe4 gxh4 24. Qxg4+ Qxg4 25. fxg4 hxg3 26. hxg3 cxb5 27. axb5 Ra7 28. Bd5 Kg7 29. Kg2 f6 30. Bc1 a4 31. Rh1 a3 32. Bxh6+ Kg6 33. Bf8 Nd7 34. Rh6+ Kg5 35. Bg7 Ra4 36. e4 1-0